000
00231 a2200097 4500
001
14939
100
_a
Rodahl K
245
_a
North:the nature drama of the polar world
260
_a
New York
_b
Harper bros
_c
090
_c
11705
_d
11705
942
_a
NUST-CAE
_c
M
_c
1898
999
_c
250012
_d
250012